000 00629cam a22002411 4500
001 sa 66000372
003 DLC
005 20260227112214.0
008 891009s1963 ii b 000 0 hino
010 _asa 66000372
035 _a(OCoLC)20458884
040 _aDLC
_cWaU
_dDLC
042 _apremarc
050 0 0 _aPK2095.C3
_bP7 1963b
100 0 _aCanda Baradāī,
_d1126-1192.
245 1 0 _aSaṅkshipta Pr̥thvirāja rāso.
260 _c[1963]
300 _a231 p.
_c22 cm.
500 _aIn Hindi.
504 _aBibliographical footnotes.
700 1 _aDvivedī, Hajārīprasāda.
700 1 _aSingh, Namwar,
_d1927-
999 _c67203
_d67203